Religion saves : (Record no. 122558)
[ view plain ]
| 000 -LEADER | |
|---|---|
| fixed length control field | 00520cam a2200157 4500 |
| 008 - FIXED-LENGTH DATA ELEMENTS--GENERAL INFORMATION | |
| fixed length control field | 140926n 000 0 eng u |
| 020 ## - INTERNATIONAL STANDARD BOOK NUMBER | |
| International Standard Book Number | 9781433506161 |
| 035 ## - SYSTEM CONTROL NUMBER | |
| System control number | (Sirsi) a185189 |
| 050 ## - LIBRARY OF CONGRESS CALL NUMBER | |
| Classification number | BR 96 DRI 2009 |
| 100 ## - MAIN ENTRY--PERSONAL NAME | |
| Personal name | Driscoll, Mark |
| 245 ## - TITLE STATEMENT | |
| Title | Religion saves : |
| Remainder of title | and nine other misconceptions/ |
| Statement of responsibility, etc. | Mark Driscoll. |
| 260 ## - PUBLICATION, DISTRIBUTION, ETC. | |
| Place of publication, distribution, etc. | Illinois: |
| Name of publisher, distributor, etc. | Crossway Books, |
| Date of publication, distribution, etc. | 2009. |
| 300 ## - PHYSICAL DESCRIPTION | |
| Extent | 287 p. ; 23 cm. |
| 504 ## - BIBLIOGRAPHY, ETC. NOTE | |
| Bibliography, etc. note | Includes bibliographical references (p. [263]-276) and indexes. |
| 650 ## - SUBJECT ADDED ENTRY--TOPICAL TERM | |
| Topical term or geographic name entry element | Theology |
| General subdivision | Miscellanea. |
| Withdrawn status | Lost status | Source of classification or shelving scheme | Damaged status | Not for loan | Home library | Current library | Shelving location | Cost, normal purchase price | Total Checkouts | Full call number | Barcode | Date last seen | Copy number | Price effective from | Koha item type |
|---|---|---|---|---|---|---|---|---|---|---|---|---|---|---|---|
| Library of Congress Classification | Main Library | Main Library | On Shelf | 0.00 | BR 96 DRI 2009 | 33729004939422 | 08/22/2019 | 1 | 08/22/2019 | Book |